Hluk elektrických strojů /
Salvato in:
| Autore principale: | |
|---|---|
| Natura: | Libro |
| Lingua: | ceco |
| Pubblicazione: |
Praha :
Academia,
1987
|
| Tags: |
Nessun Tag, puoi essere il primo ad aggiungerne!!
|
MARC
| LEADER | 00000nam a22000003a 4500 | ||
|---|---|---|---|
| 001 | stu8702 | ||
| 005 | 20200914123020.2 | ||
| 008 | 960315s1987----cs------------------cze-d | ||
| 040 | |a STU |b slo | ||
| 041 | 0 | |a cze | |
| 044 | |a cs | ||
| 080 | |a 621.313 | ||
| 080 | |a 534.835.464 | ||
| 100 | 1 | |a Hamata, Václav |4 aut | |
| 245 | 1 | |a Hluk elektrických strojů / |c [aut.] Hamata,Václav | |
| 260 | |a Praha : |b Academia, |c 1987 | ||
| 300 | |a 171 s | ||
| 996 | |b E62815 |c E*62815 |l EE04 |s P |a 0 |w stu8702_0001 | ||